000 00281nam a2200109Ia 4500
008 190914s9999||||xx |||||||||||||| ||und||
100 _aShari Lawrence
245 0 _aSoftware Engineering Theory And Practice
260 _aNew Delhi
_bBantam Books
_c2002
300 _a362
942 _cBK
999 _c9091
_d9091